LEADER 01310nam0 2200301 i 450 001 SUN0051324 005 20160314094426.307 010 $a8-3-662-04704-0$d0.00 100 $a20060906d2002 |0engc50 ba 101 $aeng 102 $aDE 105 $a|||| ||||| 200 1 $a*Statistical mechanics$fFranz Schwabl$gtranslated by William Brewer 210 $aBerlin$cSpringer$d2002 215 $aXVI, 573 p.$cill.$d25 cm. 410 1$1001SUN0042317$12001 $a*Advanced texts in physics$1210 $aBerlin$cSpringer$d1995-2007. 606 $a82-XX$xStatistical mechanics, structure of matter [MSC 2020]$2MF$3SUNC021931 606 $a82Cxx$xTime-dependent statistical mechanics (dynamic and nonequilibrium) [MSC 2020]$2MF$3SUNC025543 620 $dBerlin$3SUNL000066 700 1$aSchwabl$b, Franz$3SUNV040370$053145 702 1$aBrewer$b, William$3SUNV040372 712 $aSpringer$3SUNV000178$4650 801 $aIT$bSOL$c20200921$gRICA 856 4 $u/sebina/repository/catalogazione/documenti/Schwabl - Statistical mechanics.pdf$zContents 912 $aSUN0051324 950 $aUFFICIO DI BIBLIOTECA DEL DIPARTIMENTO DI MATEMATICA E FISICA$d08PREST 82-XX 3943 $e08 6159 I 20060906 996 $aStatistical mechanics$9669604 997 $aUNICAMPANIA LEADER 01655nas 2200565- 450 001 996423746703316 005 20230522213016.0 011 $a2689-9655 035 $a(DE-599)ZDB3059855-2 035 $a(OCoLC)1132808269 035 $a(CKB)4100000011384395 035 $a(CONSER)--2019203612 035 $a(EXLCZ)994100000011384395 100 $a20191223a20219999 o-- a 101 0 $aeng 135 $aur||||||||||| 181 $ctxt$2rdacontent 182 $cc$2rdamedia 183 $acr$2rdacarrier 200 00$aComputational and systems oncology 210 1$aHoboken, NJ :$cJohn Wiley & Sons, Inc.,$d[2021]- 215 $a1 online resource 300 $aRefereed/Peer-reviewed 517 1 $aCSO 517 1 $aComputational & systems oncology 531 0 $aComput. syst. oncol. 531 10$aComput Syst Oncol 606 $aOncology$xData processing$vPeriodicals 606 $aOncology$vPeriodicals 606 $aSystems biology$vPeriodicals 606 $aMedical Oncology 606 $aNeoplasms 606 $aMedical Informatics Computing 606 $aSystems biology$2fast$3(OCoLC)fst01745552 606 $aOncology$2fast$3(OCoLC)fst01045739 608 $aPeriodical 608 $aPeriodicals.$2fast 615 0$aOncology$xData processing 615 0$aOncology 615 0$aSystems biology 615 12$aMedical Oncology 615 12$aNeoplasms 615 22$aMedical Informatics Computing 615 7$aSystems biology. 615 7$aOncology. 676 $a616.994 906 $aJOURNAL 912 $a996423746703316 996 $aComputational and systems oncology$92198868 997 $aUNISA